Open Data Biblioteca Nacional de Portugal


República Portuguesa: Ministério da Cultura
Biblioteca Nacional de Portugal

Catálogo da BNP: acesso por Identificadores Unívocos
Registos Bibliográficos associados ao registo de autoridade

Etiqueta de registo: 00000nam 2200025 450
001 2273905
003 http://id.bnportugal.gov.pt/bib/catbnp/2273905
100 ## $a20260302d2023 k y0pory01030103ba
101 0# $aeng$dpor
102 ## $aPT
105 ## $aa m 000yy
106 ## $ar
200 1# $a A hybrid approach on a robotic system and playware technology to adapt and predict behaviours from children with autism spectrum disorder$fVinícius Corrêa Alves da Silva$gorient. Filomena Maria da Rocha Menezes de Oliveira Soares, João Miguel Clemente de Sena Esteves
210 #9 $a[S.l.$cs.n.],$d2023
215 ## $aXXII, 237 p.$d30 cm
328 #1 $aTese dout. Engenharia Electrónica e de Computadores, Escola de Engenharia, Universidade do Minho, 2023
675 ## $a681.58.01(043)$vBN$zpor$31419390
675 ## $a616.896-085-053.2(043)$vBN$zpor$31996145
700 #1 $aSilva,$bVinícius Corrêa Alves da$31988116
702 #1 $aSoares,$bFilomena Maria da Rocha Meneses de Oliveira $4727$3797712
702 #1 $aEsteves,$bJoão Miguel Clemente de Sena$4727$31988120
801 #0 $aPT$bBN$gRPC
856 40 $2Cópia digital disponível no RepositóriUM - Universidade do Minho$uhttps://hdl.handle.net/1822/85359
966 ## $lBN$mFGMON$sS.A. 193632 V.$x1
971 ## $corlando$d20260302
972 ## $e0$z0$d20260422$vlrevez
973 ## $cigoulao$d20260417

OpendataBNP@bnportugal.pt | Mais informação sobre acesso aos dados BNP